Meilleurs Buteurs de Liga depuis 2020 - Football - Statistiques

Statistiques générales
  • Ce quiz a été pris 148 fois
  • Le résultat moyen est 8 sur 20
Statistiques - réponses
Buts Nationalité Joueur % Correct
69 Pologne Robert Lewandowski
97%
69 France Karim Benzema
93%
55 France Antoine Griezmann
75%
56 Brésil Vinicius Junior
72%
59 Norvège Alexander Sorloth
70%
62 Espagne Iago Aspas
55%
42 Ghana Inaki Williams
52%
65 Croatie Ante Budimir
46%
47 Maroc Youssef En-Nesyri
40%
52 Espagne Gerard Moreno
30%
42 Espagne Mikel Oyarzabal
26%
34 Kosovo Vedat Muriqi
26%
51 Espagne Joselu
21%
43 Argentine Angel Correa
18%
47 Espagne Borja Iglesias
14%
34 Turquie Enes Ünal
11%
40 Espagne José-Luis Morales
10%
37 Espagne Oihan Sancet
8%
35 Espagne Kike Garcia
7%
34 Espagne Borja Mayoral
5%
Aucun quiz correspondant
Distribution des résultats
% des personnes avec chaque résultat
Percentile par nombre de réponses
Votre historique - résultats
Vous n’avez pas pris ce quiz